Acciones colectivas: diagnóstico actual y antecedentes jurisprudenciales de la CSJN (Registro nro. 32530)

Detalles MARC
000 -LEADER
fixed length control field 00384 a2200109 4500
001 - CONTROL NUMBER
control field ART_51540
005 - DATE AND TIME OF LATEST TRANSACTION
control field 20260410162015.0
008 - FIXED-LENGTH DATA ELEMENTS--GENERAL INFORMATION
fixed length control field 260409a
100 1# - MAIN ENTRY--PERSONAL NAME
Personal name Roitman, Facundo J.
245 10 - TITLE STATEMENT
Title Acciones colectivas: diagnóstico actual y antecedentes jurisprudenciales de la CSJN
773 0# - HOST ITEM ENTRY
Title Temas de derecho administrativo
Related parts - Año 5, N° 11 (nov. 2020)
Record control number REV40468

No hay ítems disponibles.